| 000 | 00982cam a2200289 a 4500 | ||
|---|---|---|---|
| 001 | 2088460 | ||
| 003 | OSt | ||
| 005 | 20150506092526.0 | ||
| 008 | 950629s1996 njuab b 001 0 eng | ||
| 010 | _a 95034179 | ||
| 020 | _a0136671306 | ||
| 040 |
_aDLC _cDLC _dDLC |
||
| 050 | 0 | 0 |
_aGB 54.5 _b.M39 1993 |
| 082 | 0 | 0 |
_aHS 910.02 _bM39 1996 |
| 100 | 1 |
_aMcKnight, Tom L. _q(Tom Lee), _d1928- _914774 |
|
| 245 | 1 | 0 |
_aPhysical geography : _ba landscape appreciation / _cTom L. McKnight. |
| 250 | _a4th ed. | ||
| 260 |
_aNew Jersey : _bPrentice-hall, _c1993. |
||
| 300 |
_axiv, 626 pages : _bcolor illustrations ; _c28 cm. |
||
| 500 | _aIncludes bibliographical references and index. | ||
| 562 | _e1 | ||
| 650 | 0 |
_aPhysical geography. _914775 |
|
| 906 |
_a7 _bcbc _corignew _d1 _eocip _f19 _gy-gencatlg |
||
| 942 |
_2lcc _cBK |
||
| 999 |
_c283847 _d283847 |
||